[Event "Vrnjacka Banja"]
[Site "Vrnjacka Banja"]
[Date "1989.??.??"]
[Round "?"]
[White "Kontic, Djordje"]
[Black "Gulicovski, Klimentije"]
[Result "1-0"]
[WhiteElo "2385"]
[BlackElo "2200"]

1.e4 g6 2.d4 Bg7 3.Nc3 d6 4.h4 h5 5.Bg5 Nd7 6.Qd2 c5 7.Nf3 cxd4 8.Nxd4 a6
9.O-O-O b5 10.Nc6 Qc7 11.Nb4 Bxc3 12.Qxc3 Qxc3 13.bxc3 Bb7 14.f3 Rc8 15.c4 a5
16.Nd5 b4 17.Be3 Bxd5 18.Rxd5 Ra8 19.c5 Ngf6 20.c6 Ne5 21.Rxe5 dxe5 22.Bc5 Rc8
23.Ba6 O-O 24.Bxc8 Rxc8 25.Bxe7 Rxc6 26.Rd1 Kg7 27.Kb2 Ng8 28.Bd8 a4 29.Rd5 f6
30.Rd7+ Kf8 31.Ba5 Ke8 32.Rd8+ Kf7 33.Bxb4 f5 34.exf5 gxf5 35.Rf8+ Kg7 36.Rxf5 Rc4
37.Be1 e4 38.Rxh5 exf3 39.Rg5+ Kh7 40.Rf5 Nf6 41.Rxf3 Kg6 42.Rc3 Re4 43.Rc6 Kf5
44.Ba5 Rg4 45.Rc5+ Ke6 46.Bd8 Nd5 47.Bg5 Kd6 48.Ra5 Kc6 49.Ra6+ Kb5 50.Rd6 Nb6
51.Kc3 Kc5 52.Rd2 Rg3+ 53.Rd3 Nd5+ 54.Kb2 Rxg2 55.Rd2 Rg3 56.a3 Rh3 57.Rg2 Kb5
58.Rg4 Rh2 59.Rd4 Nb6 60.Rb4+ Kc6 61.Bd8 Nd5 62.Rxa4 Ne3 63.Bg5 Nd5 64.Rc4+ Kb5
65.Kb3 Rh1 66.a4+ Ka6 67.Rc6+ Kb7 68.Rc5 Nb6 69.Bd8 Nc8 70.Rc7+ Kb8 71.Rh7 Na7
72.a5 Nc6 73.Bb6 Ra1 74.h5 Nxa5+ 75.Bxa5 Rxa5 76.h6 Rh5 77.Kb4 Kc8 78.c4 Kb8
79.c5 Rh1 80.Kb5 Rb1+ 81.Kc6 Rh1 82.Kd7 Kb7 83.c6+ Kb6 84.c7 Rd1+ 85.Kc8 Ka7
86.Rd7 Rf1 87.h7  1-0

[Event "Vrnjacka Banja"]
[Site "Vrnjacka Banja"]
[Date "1989.??.??"]
[Round "?"]
[White "Reyes, Juan"]
[Black "Gulicovski, Klimentije"]
[Result "1/2-1/2"]
[WhiteElo "2445"]
[BlackElo "2200"]

1.e4 g6 2.d4 Bg7 3.Nc3 d6 4.Be3 c6 5.Qd2 b5 6.f3 a6 7.Nge2 Nd7 8.g3 Nb6 9.b3 Qc7
10.Bg2 Bb7 11.O-O h5 12.h3 Nf6 13.Nf4 Nbd7 14.Rad1 Rd8 15.Qf2 O-O 16.Nd3 e5
17.dxe5 dxe5 18.f4 exf4 19.gxf4 Nh7 20.e5 f5 21.Ne2 Rfe8 22.Nc5 Nxc5 23.Bxc5 Rxd1
24.Rxd1 Nf8 25.Bd6 Qc8 26.c4 Ne6 27.c5 Bh6 28.Kh2 Kh7 29.b4 Qd7 30.Qg3 Qf7
31.Kh1 Rg8 32.h4 Ra8 33.Qb3 Qe8 34.Nd4 Nxf4 35.e6 a5 36.Bxf4 Bxf4 37.Nxb5 Rd8
38.Rf1 Bb8 39.Nd6 Bxd6 40.cxd6 Rxd6 41.bxa5 Qe7 42.Qb4 Bc8 43.Bxc6 Qxe6  1/2-1/2

[Event "Vrnjacka Banja"]
[Site "Vrnjacka Banja"]
[Date "1989.??.??"]
[Round "?"]
[White "Ilincic, Zlatko"]
[Black "Gulicovski, Klimentije"]
[Result "1-0"]
[WhiteElo "2430"]
[BlackElo "2200"]

1.e4 g6 2.d4 Bg7 3.Nc3 d6 4.Be3 Nd7 5.Qd2 c6 6.f3 b5 7.g4 Nb6 8.h4 h5 9.g5 b4
10.Nd1 a5 11.a3 bxa3 12.Rxa3 a4 13.Bd3 e6 14.Ne2 Ne7 15.Ng3 d5 16.e5 Ba6
17.Nc3 Bxd3 18.cxd3 Bf8 19.Ra2 Nec8 20.Kf2 c5 21.dxc5 d4 22.cxb6 Bc5 23.b7 dxe3+
24.Ke2 Ra5 25.bxc8=Q Qxc8 26.Qc2 Be7 27.f4 O-O 28.Nge4 a3 29.bxa3 Rd8 30.a4 Qa6
31.Rb1 Kg7 32.Rab2 Rd7 33.Rb8 Qc6 34.R1b6 Qc7 35.Qb1 Bc5 36.Nf6 Re7  1-0

[Event "Warsaw op"]
[Site "Warsaw"]
[Date "1989.??.??"]
[Round "?"]
[White "Flis, Jacek"]
[Black "Sznapik, Aleksander"]
[Result "1-0"]
[WhiteElo "2335"]
[BlackElo "2455"]

1.e4 g6 2.d4 Bg7 3.Nc3 d6 4.f4 c6 5.Nf3 Bg4 6.Be3 Qb6 7.Qd2 Nd7 8.Rb1 Bxf3
9.gxf3 Qa5 10.Be2 Ngf6 11.O-O O-O 12.Kh1 e5 13.dxe5 dxe5 14.fxe5 Nxe5 15.Bh6 Rad8
16.Qg5 Nfd7 17.Bxg7 Kxg7 18.f4 f6 19.Qh4 Nf7 20.Rf3 b5 21.Rh3 Rh8 22.Rg1 Rde8
23.e5 fxe5 24.f5 Qd8 25.Qe4 Ng5 26.Qe3 Nxh3 27.Qxh3 Nf6 28.fxg6 hxg6 29.Qg2 Rh6
30.Qxc6 e4 31.Nxb5 Qd2 32.Qc7+ Kh8 33.Qf7 Qf4 34.Rg2 Rh7 35.Qc4 Rd8  1-0

[Event "Warsaw op"]
[Site "Warsaw"]
[Date "1989.??.??"]
[Round "?"]
[White "Danek, Libor"]
[Black "Sznapik, Aleksander"]
[Result "0-1"]
[WhiteElo "2350"]
[BlackElo "2455"]

1.e4 g6 2.d4 Bg7 3.Nc3 d6 4.g3 Nf6 5.Bg2 O-O 6.Nge2 e5 7.h3 c6 8.a4 a5 9.O-O Na6
10.Be3 Nb4 11.Qd2 Be6 12.f4 Bc4 13.Rf2 exd4 14.Bxd4 Re8 15.Rd1 d5 16.exd5 Nbxd5
17.Nxd5 Bxd5 18.Nc3 Bxg2 19.Kxg2 b5 20.axb5 cxb5 21.Qd3 b4 22.Na4 Qd5+ 23.Kh2 Rad8
24.Bb6 Qxd3 25.cxd3 Rc8 26.Rdd2 Nd5 27.Bc5 Re1 28.d4 h5 29.Rfe2 Rc1 30.Nb6 Rd8
31.Kg2 h4 32.Nxd5 Rxd5 33.gxh4 b3 34.Kf3 a4 35.Ke4 Rd7 36.h5 f5+ 37.Ke3 gxh5
38.Rg2 Kf7 39.Rg5 Kf6 40.Rxf5+ Kg6 41.Re5 Bxe5 42.fxe5 Re1+ 43.Kf4 Rf7+ 44.Kg3 h4+
45.Kg2 Rc1  0-1

[Event "Warsaw op"]
[Site "Warsaw"]
[Date "1989.??.??"]
[Round "?"]
[White "Kveinys, Aloyzas"]
[Black "Petkevich, Jusefs"]
[Result "1/2-1/2"]
[WhiteElo "2345"]
[BlackElo "2440"]

1.e4 d6 2.d4 g6 3.Nc3 Bg7 4.Be3 Nf6 5.Qd2 c6 6.O-O-O Nbd7 7.f3 Qc7 8.Bh6 Bxh6
9.Qxh6 b5 10.h4 Bb7 11.Nh3 O-O-O 12.g4 a6 13.Qe3 e5 14.h5 d5 15.exd5 cxd5
16.Ng5 Rhf8 17.hxg6 hxg6 18.dxe5 Qxe5 19.Qxe5 Nxe5 20.Rd4 Ne8 21.Rh7 Nc7
22.f4 Ne6 23.Nxe6 fxe6 24.fxe5 Rxf1+ 25.Kd2 Rdf8 26.Rh2 g5 27.Ne2 Bc6 28.Rh6 Bd7
29.b4 R1f2 30.Rd3 R8f4 31.Rh8+ Kc7 32.Rc3+ Rc4 33.Rxc4+ dxc4 34.Rg8 Bc6 35.Ke1 Rg2
36.Rxg5 Bf3 37.Nd4 Bd5 38.Rg7+ Kd8 39.c3 Rxa2 40.Ra7 Rg2 41.Rxa6 Rxg4 42.Nxe6+ Bxe6
43.Rxe6 Re4+ 44.Kf2 Kc7 45.Kf3 Re1 46.Kf4 Rc1  1/2-1/2

[Event "Warsaw op"]
[Site "Warsaw"]
[Date "1989.??.??"]
[Round "?"]
[White "Janocha, Wieslaw"]
[Black "Sznapik, Aleksander"]
[Result "0-1"]
[WhiteElo "2390"]
[BlackElo "2455"]

1.e4 g6 2.d4 Bg7 3.Nc3 d6 4.f4 a6 5.Nf3 b5 6.Bd3 Bb7 7.O-O Nd7 8.a4 b4 9.Ne2 c5
10.c3 a5 11.e5 e6 12.Ng3 Ne7 13.Ne4 Bxe4 14.Bxe4 d5 15.Bc2 c4 16.b3 cxb3
17.Bd3 b2 18.Bxb2 O-O 19.Qd2 Nb6 20.cxb4 Nc4 21.Bxc4 dxc4 22.b5 Nd5 23.Rfc1 Qc7
24.Ng5 Bh6 25.g3 Bxg5 26.fxg5 Rfc8 27.Bc3 Qb6 28.Rf1 Rd8 29.Rad1 Rd7 30.Rf3 Qa7
31.Kg2 Rad8 32.Bb2 Qb7 33.Kf2 Nb4 34.Qe2 Nd3+ 35.Kg2 Qd5 36.Rxd3 cxd3 37.Qxd3 Rc8
38.Kh3 Rc4 39.Rf4 Rxa4  0-1

[Event "Hoogovens-B"]
[Site "Wijk aan Zee"]
[Date "1989.??.??"]
[Round "?"]
[White "Campora, Daniel H"]
[Black "Lau, Ralf"]
[Result "1/2-1/2"]
[WhiteElo "2500"]
[BlackElo "2475"]

1.e4 g6 2.d4 Bg7 3.Nc3 d6 4.Bg5 c6 5.Qd2 Nd7 6.O-O-O Qa5 7.Kb1 b5 8.h4 h5
9.Nh3 Rb8 10.Ne2 Qxd2 11.Bxd2 Nb6 12.b3 Nf6 13.f3 Nfd7 14.Ng5 O-O 15.Bc3 a6
16.Bb2 c5 17.dxc5 Nxc5 18.Bxg7 Kxg7 19.Nf4 f6 20.Ngh3 e5 21.Nd3 Nxd3 22.Rxd3 Rd8
23.Nf2 d5 24.Be2 b4 25.Rhd1 a5 26.c4 d4 27.f4 Nd7 28.Rg3 Kh6 29.Nd3 Bb7 30.Bf3 Re8
31.fxe5 fxe5 32.Rg5 Re7 33.Kc2 Rbe8 34.Ra1 Nf6 35.Nf2 Nh7 36.Rg3 Ra8 37.Rh3 Nf6
38.Rhh1 Bc6 39.Rhe1 g5 40.hxg5+ Kxg5 41.a3 bxa3 42.Rxa3 Ng4 43.Nd3 Ne3+ 44.Kb2 a4
45.Rc1 axb3 46.Rxa8 Bxa8 47.c5 Bc6 48.Nb4 Ba4 49.c6 Rc7 50.Rc5 Kh4 51.Be2 Nc2
52.Nd3 Rxc6 53.Rxe5 Rh6 54.Nc5 Bc6 55.Nxb3 Ne3 56.Nxd4 Bd7 57.Re7 Bg4 58.Bf3 Kg3
59.Rg7 Kf2 60.Kc3 Bxf3 61.gxf3 h4 62.Ra7 h3 63.Ra2+ Kf1 64.Kd3 Ng2 65.Ra1+  1/2-1/2

[Event "JUG-chT"]
[Site "Zlatibor"]
[Date "1989.??.??"]
[Round "?"]
[White "Arapovic, Vitomir"]
[Black "Nikolic, Sava N"]
[Result "1/2-1/2"]
[WhiteElo "2410"]
[BlackElo "2315"]

1.e4 g6 2.Nc3 Bg7 3.d4 d6 4.Be3 Nf6 5.f3 O-O 6.Qd2 a6 7.O-O-O b5 8.Bh6 Nc6
9.h4 e5 10.d5 Bxh6 11.Qxh6 Nd4 12.Nce2 c5 13.h5 Ra7 14.Kb1 Ne8 15.Qd2 g5
16.Nxd4 cxd4 17.g3  1/2-1/2

[Event "JUG-chT"]
[Site "Zlatibor"]
[Date "1989.??.??"]
[Round "?"]
[White "Marjanovic, Slavoljub"]
[Black "Cekro, Ekrem"]
[Result "1-0"]
[WhiteElo "2465"]
[BlackElo "2445"]

1.e4 g6 2.d4 Bg7 3.Nc3 d6 4.f4 Nf6 5.Nf3 c5 6.dxc5 Qa5 7.Bd3 Qxc5 8.Qe2 O-O
9.Be3 Qa5 10.O-O Bg4 11.h3 Bxf3 12.Qxf3 Nbd7 13.a3 Qc7 14.Kh1 a6 15.Rae1 e6
16.Qf2 Rac8 17.Rd1 Nc5 18.f5 Nfd7 19.Bd4 Bxd4 20.Qxd4 Ne5 21.Be2 Rfd8 22.Rd2 b5
23.Qe3 Qe7 24.Qh6 Rd7 25.Rf4 Qf8 26.Qg5 f6 27.Qg3 Re8 28.b4 Nb7 29.fxe6 Rxe6
30.a4 bxa4 31.Nxa4 a5 32.Nb6 Rf7 33.c3 Qd8 34.Qe3 Kg7 35.Ra2 axb4 36.cxb4 d5
37.Nxd5 Nd6 38.Ra7 Qb8 39.Rxf7+ Nexf7 40.Qd4 Ne8 41.Bg4 Rd6 42.Rf1 h5 43.Bd1 Qb5
44.Kg1 Ne5 45.Qa7+ Rd7 46.Qf2 Rf7 47.Be2 Qb8 48.Qc5 Nd7 49.Qd4 Nd6 50.Nxf6 Nxf6
51.e5 Nf5 52.exf6+ Rxf6 53.Qf4 Qb6+ 54.Kh2 Rf7 55.Bc4 Rf8 56.Bd3 Qd8 57.Qe5+ Qf6
58.Qxf6+ Rxf6 59.b5 Rf8 60.b6  1-0

[Event "JUG-chT"]
[Site "Zlatibor"]
[Date "1989.??.??"]
[Round "?"]
[White "Marjanovic, Slavoljub"]
[Black "Todorcevic, Miodrag"]
[Result "1-0"]
[WhiteElo "2465"]
[BlackElo "2530"]

1.e4 g6 2.d4 Bg7 3.Nc3 d6 4.f4 c6 5.Nf3 Bg4 6.Be3 Qb6 7.Qd3 Nf6 8.O-O-O d5
9.e5 Ne4 10.Ne2 Na6 11.Qa3 Bf8 12.h3 Bd7 13.g4 e6 14.Qb3 h5 15.Rg1 hxg4 16.hxg4 c5
17.Qxb6 axb6 18.a3 b5 19.dxc5 b4 20.axb4 Nxb4 21.Kb1 Ra1+ 22.Kxa1 Nxc2+ 23.Ka2 Nxe3
24.Rc1 Bxc5 25.Ned4 Ke7 26.Bd3 b6 27.Rce1 Bxd4 28.Nxd4 Ra8+ 29.Kb1 Nd2+ 30.Kc1 Ndc4
31.b3 Ra1+ 32.Bb1 Na3 33.Kb2 Rxb1+ 34.Rxb1 Nxb1 35.Kxb1 f5 36.g5 Be8 37.Kc1 Ng4
38.Rg2 b5 39.Kd2  1-0

[Event "JUG-chT"]
[Site "Zlatibor"]
[Date "1989.??.??"]
[Round "?"]
[White "Rasidovic, Sead"]
[Black "Arapovic, Vitomir"]
[Result "1-0"]
[WhiteElo "2365"]
[BlackElo "2410"]

1.e4 g6 2.d4 Bg7 3.Nc3 d6 4.Be3 c6 5.Qd2 Nd7 6.h4 h5 7.f3 Qa5 8.Nh3 b5 9.Ng5 Ngf6
10.Be2 Rb8 11.a3 Qc7 12.Nd1 e5 13.c3 O-O 14.Nf2 d5 15.Nd3 dxe4 16.fxe4 Rb7
17.O-O Re8 18.Nc5 exd4 19.Bf4 Qb6 20.Nxb7 dxc3+ 21.Be3 cxd2 22.Bxb6 Bxb7
23.Bf2 Nxe4 24.Nxe4 Rxe4 25.Bf3 Re7 26.Rad1 Bh6 27.Bxa7 Ne5 28.Be2 Bc8 29.Bc5 Rd7
30.Kf2 Rd5 31.Be3 Bxe3+ 32.Kxe3 Ng4+ 33.Bxg4 Bxg4 34.Rxd2 Re5+ 35.Kf2 Be6
36.Re1 Rc5 37.Re3 Bc4 38.Kg3 Kg7 39.Rc2 Rf5 40.b3 Bd5 41.Rf2 Kf6 42.a4 bxa4
43.bxa4 c5 44.a5 c4 45.a6  1-0

[Event "JUG-chT"]
[Site "Zlatibor"]
[Date "1989.??.??"]
[Round "?"]
[White "Todorovic, Milorad"]
[Black "Nikolic, Sava N"]
[Result "1/2-1/2"]
[WhiteElo "2410"]
[BlackElo "2315"]

1.e4 g6 2.d4 Bg7 3.Nc3 d6 4.Nf3 Nf6 5.Be2 O-O 6.O-O c6 7.h3 a5 8.Bf4 a4 9.e5 Ne8
10.Qd2 Nd7 11.Bh6 Qa5 12.Bxg7 Kxg7 13.exd6 Nxd6 14.Rfe1 Nb6 15.b3 Re8 16.Bd3 f6
17.Nh2 Nd5 18.Ne4 Qxd2 19.Nxd2 Nb4 20.Nc4 Nxc4 21.bxc4 Bf5 22.Bxf5 gxf5 23.Re2 a3
24.Rd2 Ra4 25.c3 Na6 26.c5 Rc4 27.Rd3 Rd8 28.Rb1 Kf7 29.Rf3 Rd7 30.Nf1 f4
31.Nd2 Ra4 32.Rxf4 Nxc5 33.Rh4 Ne6 34.Rxh7+ Kg8 35.Rh5 Nf4 36.Rc5 e5 37.g3 Ne6
38.Rc4 Rxc4 39.Nxc4 exd4 40.cxd4 Nxd4 41.Nxa3 c5 42.Kf1 Kf7 43.Rb6 Ke7 44.Nc4 Rc7
45.Na5 c4 46.Ke1 Nf3+ 47.Kd1 Ng5 48.h4 Ne4 49.Kc2 Rc5 50.Rxb7+ Ke6 51.Rb6+ Kf7
52.Nc6 Rf5 53.Rb7+ Kf8 54.f4 Nxg3 55.a4 Rxf4 56.a5 Rf2+ 57.Kc3 Ne4+ 58.Kd4 c3
59.a6 Ra2 60.Nb4 Ra4 61.Kd5 c2 62.Nxc2 Nc3+ 63.Ke6 Rxa6+ 64.Kf5 Nd5  1/2-1/2

[Event "JUG-chT"]
[Site "Zlatibor"]
[Date "1989.??.??"]
[Round "?"]
[White "Zelic, Zdravko"]
[Black "Nikolic, Sava N"]
[Result "1/2-1/2"]
[WhiteElo "2395"]
[BlackElo "2315"]

1.e4 g6 2.d4 Bg7 3.Nc3 d6 4.Nf3 Nf6 5.h3 c6 6.a4 a5 7.Be3 O-O 8.Be2 Na6 9.O-O Nb4
10.Nd2 Qc7 11.Ncb1 e5 12.dxe5 dxe5 13.c3 Na6 14.Na3 Be6 15.Bc4 Rfe8 16.Bxe6 Rxe6
17.Nac4 Nd7 18.Nb3 b6 19.Qe2 Bf8 20.Rfd1 Nac5 21.Ncd2 Ree8 22.Bxc5 Nxc5 23.Nxc5 Bxc5
24.Nb3 Bf8 25.Rd2 Rad8 26.Rad1 Bh6 27.Rd3 Bg5 28.g3 Rxd3 29.Rxd3 Rd8 30.Kg2 h5
31.h4 Bh6 32.Nd2 Rxd3 33.Qxd3 Bxd2 34.Qxd2 Kf8  1/2-1/2

[Event "Zuerich op"]
[Site "Zuerich"]
[Date "1989.??.??"]
[Round "?"]
[White "Klinger, Josef"]
[Black "Ditzler, Juerg"]
[Result "1-0"]
[WhiteElo "2475"]
[BlackElo "2300"]

1.d4 g6 2.e4 d6 3.Nc3 Bg7 4.Nge2 e5 5.Be3 Nc6 6.Qd2 f5 7.Bg5 Bf6 8.Bxf6 Nxf6
9.exf5 Bxf5 10.O-O-O O-O 11.dxe5 dxe5 12.Qe3 Qe7 13.f3 Rad8 14.Rxd8 Qxd8
15.Ng3 Qd4 16.Nxf5 gxf5 17.Qg5+ Kh8 18.Bb5 Ne7 19.Rd1 Qc5 20.Bd3 Ned5 21.Nxd5 Nxd5
22.Kb1 e4 23.fxe4 Qe3 24.Qh5 fxe4 25.Qe5+ Nf6 26.Bc4 Qb6 27.Be6 Qb4 28.a3 Qb6
29.Rd8  1-0

[Event "Aarhus (Women)"]
[Site "Aarhus"]
[Date "1990.??.??"]
[Round "9"]
[White "Zimmersmann, Rita"]
[Black "Janus, Elfi"]
[Result "1-0"]
[WhiteElo "2165"]
[BlackElo "2115"]

1.e4 g6 2.d4 Bg7 3.Nc3 d6 4.f4 Nf6 5.Nf3 O-O 6.Bd3 Nc6 7.e5 dxe5 8.dxe5 Nd5
9.Nxd5 Qxd5 10.Qe2 Nd4 11.Nxd4 Qxd4 12.Be3 Qb4+ 13.c3 Qa5 14.O-O c6 15.Rae1 Qc7
16.Qf2 b6 17.f5 Bxf5 18.Bxf5 gxf5 19.Qh4 e6 20.Rf3 Bxe5 21.Bh6 f6 22.Bxf8 Rxf8
23.Qh6 Qg7 24.Qxg7+ Kxg7 25.Rd1 a5 26.Rd2 Kg6 27.Rfd3 f4 28.Rd7 Kf5 29.Rxh7 Ke4
30.Rd1 Rg8 31.Kf2 b5 32.Rb7 Kf5 33.Ra7 f3 34.g3 Rh8 35.Kxf3 Rxh2 36.Rg7 Rh3
37.Rh1  1-0

[Event "FRA-ch"]
[Site "Angers"]
[Date "1990.??.??"]
[Round "6"]
[White "Koch, Jean Rene"]
[Black "Seret, Jean Luc"]
[Result "1/2-1/2"]
[WhiteElo "2415"]
[BlackElo "2390"]

1.e4 g6 2.d4 Bg7 3.Nc3 d6 4.f4 Nf6 5.Nf3 O-O 6.Be3 b6 7.e5 Ng4 8.Bg1 c5 9.d5 dxe5
10.h3 e4 11.hxg4 Bxc3+ 12.bxc3 Bxg4 13.Rh4 Qc8 14.f5 Qxf5 15.Qd2 exf3 16.Qh6 g5
17.Bd3 gxh4 18.Bxf5 Bxf5 19.gxf3 Bxc2 20.Qg5+ Bg6 21.O-O-O Re8 22.Re1 e6
23.dxe6 fxe6 24.Rd1 Nc6 25.Rd6 Nd8 26.Qxh4 Nf7 27.Rd2 Rad8 28.Be3 Rxd2 29.Bxd2 Ne5
30.Qf6 Nd7 31.Qf4 e5 32.Qc4+ Kg7 33.Qa4 Bf5 34.Qxa7 e4 35.fxe4 Rxe4 36.Qc7 Kf7
37.Qd6  1/2-1/2

[Event "FRA-ch"]
[Site "Angers"]
[Date "1990.??.??"]
[Round "8"]
[White "Apicella, Manuel"]
[Black "Seret, Jean Luc"]
[Result "1-0"]
[WhiteElo "2410"]
[BlackElo "2390"]

1.e4 g6 2.d4 Bg7 3.Nc3 d6 4.f4 Nf6 5.Nf3 O-O 6.Bd3 Nc6 7.O-O e5 8.fxe5 dxe5
9.d5 Ne7 10.Nxe5 c6 11.Bg5 cxd5 12.Bxf6 Qb6+ 13.Kh1 Bxf6 14.Nxd5 Nxd5 15.Nc4 Qd8
16.exd5 b5 17.Na5 Bh4 18.Qd2 Qxd5 19.Qf4 Qg5 20.Nb3 Qxf4 21.Rxf4 Bg5 22.Rb4 Bd7
23.Nc5 Be8 24.Na6 Rc8 25.c3 Be7 26.Re4 Bd6 27.Rd4 Be5 28.Rd5 f6 29.Bxb5 Bxb5
30.Rxb5 Rfd8 31.Rc5 Ra8 32.Nb4 Rd2 33.Kg1 Re8 34.Rb1 Bf4 35.Rd5 Be3+ 36.Kh1 Rxb2
37.Re1 Rc8 38.Nd3 Rxa2 39.Rxe3 Rxc3 40.h4 Kg7 41.Re7+ Kh6 42.Rdd7 Kh5 43.Rxh7+ Kg4
44.Kh2 a5 45.Rd4+ Kf5 46.Re7 g5 47.h5  1-0

[Event "AUT-chT"]
[Site "Austria"]
[Date "1990.??.??"]
[Round "?"]
[White "Topakian, Raffi"]
[Black "Brestian, Egon"]
[Result "1/2-1/2"]
[WhiteElo "2230"]
[BlackElo "2470"]

1.e4 g6 2.d4 Bg7 3.Nc3 d6 4.Nf3 Nf6 5.h3 O-O 6.Be3 c6 7.a4 d5 8.e5 Ne8 9.a5 f6
10.Qd2 fxe5 11.Nxe5 Nd7 12.Nxd7 Bxd7 13.Be2  1/2-1/2

[Event "AUT-chT playoff"]
[Site "Austria"]
[Date "1990.??.??"]
[Round "?"]
[White "Herndl, Harald"]
[Black "Schlosser, Michael"]
[Result "1-0"]
[WhiteElo "2300"]
[BlackElo "2340"]

1.e4 g6 2.d4 Bg7 3.Nc3 d6 4.f4 Nf6 5.Nf3 c5 6.Bb5+ Bd7 7.e5 Ng4 8.h3 Bxb5
9.Nxb5 cxd4 10.Qxd4 Nh6 11.g4 Nc6 12.Qe4 O-O 13.Bd2 dxe5 14.fxe5 f5 15.exf6 exf6
16.O-O-O Qb6 17.Qc4+ Kh8 18.Kb1 Nf7 19.Bc3 Rac8 20.Qb3 Rcd8 21.Rxd8 Qxd8
22.Nbd4 Nxd4 23.Nxd4 Qd7 24.Ne6 Re8 25.Nxg7 Kxg7 26.Rf1 Ne5 27.Qb4 h6 28.Qf4 Qe6
29.Re1 Qd7 30.b3 Qd6 31.h4 g5 32.hxg5 hxg5 33.Qh2 Re6 34.Rh1 Nf7 35.Qh7+ Kf8
36.Qg6 Re3 37.Rh7 Qd1+ 38.Kb2 Qd5 39.Bb4+ Ke8 40.Qg8+ Kd7 41.Rxf7+  1-0

[Event "AUT-chT playoff"]
[Site "Austria"]
[Date "1990.??.??"]
[Round "?"]
[White "Wittmann, Walter"]
[Black "Brandner, Stefan"]
[Result "1-0"]
[WhiteElo "2410"]
[BlackElo "2285"]

1.e4 g6 2.d4 Bg7 3.Nc3 d6 4.f4 Nd7 5.Nf3 e6 6.Be3 Ne7 7.Qd2 a6 8.a4 b6 9.Bd3 Bb7
10.O-O c5 11.Qf2 Qc7 12.Qh4 h6 13.Rfe1 cxd4 14.Nxd4 e5 15.fxe5 Nxe5 16.Rad1 O-O-O
17.h3 d5 18.Nxd5 Nxd5 19.exd5 Rxd5 20.Be4 Rd7 21.Bxb7+ Qxb7 22.Nb3 Rxd1 23.Rxd1 Qc6
24.a5 Nc4 25.Bxb6 Nxb6 26.axb6 Qxb6+ 27.Kh1 Rd8 28.Qc4+ Kb8 29.Qf4+ Ka8 30.Qe4+ Kb8
31.Qf4+ Ka8 32.Qf3+ Kb8 33.Rxd8+ Qxd8 34.Nc5 Qe7 35.Qg3+ Ka7 36.Qf2 Qf6 37.Qe3 Qe5
38.Qf2 Qf6 39.Qe2 Qd6 40.b4 Bd4 41.Nd3 Bb6 42.Qe5 Qd7 43.Nc5 Qc7 44.Qxc7+ Bxc7
45.g4 Be5 46.c4 Bc3 47.Nd3 Kb6 48.Kg2 a5 49.bxa5+ Kxa5 50.Kf3 Kb6 51.Ke4 Kc6
52.Ne5+ Kd6 53.Nxf7+ Ke6 54.Nxh6 Bd2 55.g5 Bxg5 56.Ng4 Kd6 57.Ne5  1-0

[Event "AUT-chT"]
[Site "Austria"]
[Date "1990.??.??"]
[Round "?"]
[White "Sinowjew, Juri"]
[Black "Hager, Franz"]
[Result "1-0"]
[WhiteElo "2260"]
[BlackElo "2315"]

1.e4 g6 2.d4 Bg7 3.Nc3 d6 4.g3 Nc6 5.Be3 e5 6.dxe5 Nxe5 7.h3 Ne7 8.f4 Nd7
9.Bd4 O-O 10.Bxg7 Kxg7 11.Qd4+ f6 12.O-O-O b6 13.Bg2 Bb7 14.Nge2 a5 15.Nd5 c5
16.Qd2 Bxd5 17.exd5 Re8 18.g4 b5 19.Ng3 b4 20.f5 Ne5 21.g5 Nxf5 22.Nxf5+ gxf5
23.h4 fxg5 24.hxg5 Ra7 25.Rdf1 Rf8 26.Bh3 Raf7 27.Rf2 Qe7 28.Re1 Re8 29.Ree2 Qf8
30.Qe1 Kh8 31.Qf1 Qg7 32.Rxf5 Rfe7 33.Ref2 Nd3+ 34.Qxd3 Re1+ 35.Kd2 Qxb2
36.Rf8+ Kg7 37.R2f7+  1-0

[Event "Baden-Baden op"]
[Site "Baden-Baden"]
[Date "1990.??.??"]
[Round "3"]
[White "Szenetra, Werner"]
[Black "Mohr, Stefan"]
[Result "1-0"]
[WhiteElo "2240"]
[BlackElo "2430"]

1.e4 g6 2.d4 Bg7 3.Nc3 d6 4.Bg5 c6 5.Qd2 b5 6.a3 Qc7 7.Bd3 Nd7 8.Nge2 Ngf6
9.f3 O-O 10.Bh6 e5 11.dxe5 dxe5 12.h4 Nc5 13.h5 Be6 14.Ng3 Rad8 15.Bxg7 Kxg7
16.hxg6 fxg6 17.Ke2 Kg8 18.Qg5 Bc4 19.Bxc4+ bxc4 20.Nh5 Nxh5 21.Rxh5 Ne6
22.Qxe5 Nd4+ 23.Kf1 Qf7 24.Rh3 Nxc2 25.Rc1 Rd2 26.Nd1 Rfd8 27.Rxc2 Rxc2 28.Ne3 Rc1+
29.Kf2 Qg7 30.Qe6+ Kh8 31.e5 Rf8 32.Ng4 Qf7 33.Nf6 h5 34.Qg4 Rc2+ 35.Kg3 Rg8
36.Qg5 Qg7 37.Kh2  1-0

[Event "Bahrain"]
[Site "Bahrain"]
[Date "1990.??.??"]
[Round "10"]
[White "Plaskett, Jim"]
[Black "Afifi, Assem"]
[Result "1-0"]
[WhiteElo "2470"]
[BlackElo "2405"]

1.e4 g6 2.d4 Bg7 3.Nc3 d6 4.f4 Nf6 5.Nf3 O-O 6.Be3 c6 7.Bd3 Bg4 8.h3 Bxf3
9.Qxf3 Qa5 10.O-O e5 11.dxe5 dxe5 12.f5 h6 13.g4 Nbd7 14.h4 Nh7 15.g5 h5
16.Bc4 Kh8 17.Rad1 Rad8 18.Ne2 Qb4 19.Bb3 gxf5 20.Qxf5 Nc5 21.Ng3 Nxb3 22.axb3 Qe7
23.Nxh5 Rxd1 24.Rxd1 Rd8 25.Rxd8+ Qxd8 26.Qxf7 Qg8 27.Qxg8+ Kxg8 28.Bxa7 Nf8
29.Kg2 Ne6 30.Kf3 Bf8 31.Kg4 c5 32.Kf5 Nd4+ 33.Kg6 Be7 34.Nf6+ Kf8 35.Bxc5 Ne6
36.Nd7+ Ke8 37.Bxe7 Kxd7 38.Kf7 Nf4 39.g6  1-0

[Event "Belgrade (Women)"]
[Site "Belgrade"]
[Date "1990.??.??"]
[Round "7"]
[White "Maric, Mirjana"]
[Black "Gurieli, Nino"]
[Result "0-1"]
[WhiteElo "2275"]
[BlackElo "2340"]

1.e4 g6 2.d4 Bg7 3.Nc3 d6 4.Nge2 Nf6 5.g3 O-O 6.Bg2 Nc6 7.h3 e5 8.Be3 exd4
9.Nxd4 Ne5 10.b3 Bd7 11.O-O Re8 12.f4 Nc6 13.Rc1 Nxe4 14.Nxe4 d5 15.Nc5 Rxe3
16.Nxb7 Qf6 17.Nf3 Nd4 18.Nxd4 Qxd4 19.Qxd4 Bxd4 20.Rcd1 Bb6 21.c4 Bc6 22.Bxd5 Bxd5
23.cxd5 Rb8 24.d6 Rxb7 25.d7 Re8+ 26.Kg2 Rd8 27.Rfe1 Kf8 28.Re8+ Rxe8 29.d8=Q Rxd8
30.Rxd8+ Ke7 31.Rh8 h5  0-1

[Event "Belgrade (Women)"]
[Site "Belgrade"]
[Date "1990.??.??"]
[Round "10"]
[White "Kokanovic, Ksenija"]
[Black "Gurieli, Nino"]
[Result "0-1"]
[WhiteElo "2115"]
[BlackElo "2340"]

1.e4 g6 2.d4 Bg7 3.Nc3 d6 4.Be3 Nd7 5.Qd2 c6 6.f4 Ngf6 7.h3 b5 8.a3 Nb6 9.Nf3 O-O
10.g4 d5 11.e5 Ne4 12.Nxe4 dxe4 13.Ng5 f5 14.gxf5 gxf5 15.h4 h6 16.h5 Nd5
17.Nh3 Be6 18.Rg1 Qe8 19.Qg2 Qf7 20.Bf2 Kh8 21.Ng5 hxg5 22.h6 g4 23.hxg7+ Kxg7
24.Qg3 Rh8 25.b3 Nb6 26.Qc3 Rac8 27.Qg3 a5 28.a4 Nd5 29.c4 Nb4 30.Rc1 bxc4
31.bxc4 Kf8 32.Qa3 Rh2 33.Qg3 Qh5 34.Rc3 Kf7 35.d5 cxd5 36.cxd5 Nxd5 37.Rxc8 Bxc8
38.Qb3 Be6 39.Bc4 Nxf4 40.Bg3 Nd3+ 41.Kd1 Nb2+  0-1

[Event "Belgrade-A"]
[Site "Belgrade"]
[Date "1990.??.??"]
[Round "10"]
[White "Todorovic, Goran N"]
[Black "Nikolic, Sinisa"]
[Result "0-1"]
[WhiteElo "2415"]
[BlackElo "2310"]

1.d4 g6 2.e4 Bg7 3.Nc3 d6 4.Be3 Nf6 5.f3 O-O 6.Qd2 Nc6 7.O-O-O e5 8.Nge2 a6
9.g4 Bd7 10.d5 Na7 11.Ng3 Ne8 12.h4 Nb5 13.Nxb5 axb5 14.a3 c5 15.dxc6 bxc6
16.h5 Be6 17.Bh6 Bxh6 18.Qxh6 g5 19.Rh2 f6 20.c3 Qe7 21.Rhd2 Rd8 22.Bd3 Nc7
23.Bc2 Rd7 24.Nf1 Rfd8 25.Ne3 Qf7 26.Rd3 Na8 27.Nd5 Rf8 28.Nb4 c5 29.Nd5 Kh8
30.R3d2 Bxd5 31.Rxd5 Rfd8 32.f4 gxf4 33.g5 Qg7 34.Qxf6 Qxf6 35.gxf6 Nc7 36.R5d2 Ne8
37.c4 Nxf6 38.cxb5 Nxh5 39.a4 Ng3 40.Bd3 d5 41.exd5 e4 42.Bc4 e3 43.Rg2 Rg7
44.Be2 Nxe2+ 45.Rxe2 Re7 46.Rd3 c4 47.Ra3 Rxd5 48.b6 Rd3 49.a5 Kg7 50.Rg2+ Kh6
51.Ra1 e2 52.Rxe2 Rxe2 53.b7 Rg3 54.Kb1 Rb3  0-1

[Event "Belgrade-A"]
[Site "Belgrade"]
[Date "1990.??.??"]
[Round "12"]
[White "Grigorov, Jordan N"]
[Black "Nikolic, Sinisa"]
[Result "1/2-1/2"]
[WhiteElo "2385"]
[BlackElo "2310"]

1.e4 g6 2.d4 Bg7 3.Nc3 d6 4.g3 Nc6 5.d5 Ne5 6.Bg2 Nf6 7.f4 Nc4 8.Qd3 Nb6
9.Nge2 O-O 10.O-O c6 11.dxc6 bxc6 12.b3 a5 13.Bb2 Ba6 14.Qd2 Nc4 15.bxc4 Qb6+
16.Qd4 Qxb2 17.Rab1 Qa3 18.Rb3 Qc5 19.Qxc5 dxc5 20.e5 Ng4 21.Bxc6 Rad8 22.Bb5 Bb7
23.Na4 Rd2 24.Re1 Rfd8 25.Rd3 R8xd3 26.cxd3 f6 27.Nxc5 Bf3 28.h3 Bxe2 29.hxg4 Rxa2
30.d4 fxe5 31.dxe5 Bxg4 32.Bc6 Kf7 33.Rb1 g5 34.Bd5+ Kg6 35.Rb6+ e6 36.Bxe6 Bxe6
37.Nxe6 gxf4 38.gxf4 a4 39.c5 a3 40.Ra6 Bxe5 41.fxe5 Kf5 42.Nd4+ Kxe5 43.Nc6+ Kf5
44.Nd4+ Ke5 45.Nb5 Ra1+ 46.Kg2 Rb1 47.Nxa3 Rc1 48.c6 Kd5  1/2-1/2

[Event "Berliner Sommer"]
[Site "Berlin"]
[Date "1990.??.??"]
[Round "?"]
[White "Espig, Lutz"]
[Black "Mohr, Georg"]
[Result "1-0"]
[WhiteElo "2475"]
[BlackElo "2450"]

1.d4 d6 2.e4 g6 3.Nc3 Bg7 4.Be3 c6 5.a4 Nf6 6.h3 O-O 7.Nf3 Nbd7 8.Be2 e5
9.dxe5 dxe5 10.Nd2 Qe7 11.Nc4 Rd8 12.Qd6 Qxd6 13.Nxd6 Bf8 14.O-O-O Nb6 15.Bc5 Ne8
16.Nxe8 Rxe8 17.Bxf8 Kxf8 18.a5 Nd7 19.Rd6 Nc5 20.a6 Ne6 21.axb7 Bxb7 22.Bc4 Ke7
23.Rd2 Rad8 24.Bxe6 Kxe6 25.Na4 Ke7 26.c3 Bc8 27.h4 h6 28.Nc5 Rxd2 29.Kxd2 Kd6
30.Nd3 c5 31.Ra1 Re7 32.Ra5 Rc7 33.b4 cxb4 34.Rd5+ Ke6 35.Rxe5+ Kf6 36.cxb4 Ba6
37.Ra5 Bc4 38.Nc5 Bf1 39.g3 g5 40.hxg5+ hxg5 41.Ke3 Re7 42.Kd4 Kg6 43.Kd5 f6
44.Ra1 Bb5 45.Kd6 Rh7 46.Ne6 Rb7 47.Nc5 Rh7 48.Ra5 Bc4 49.Nd7 Rh2 50.Rf5 Rh1
51.Rxf6+ Kg7 52.Rf5  1-0